000 00533nam a2200193Ia 4500
003 GCL
008 140319s9999 xx 000 0 eng d
040 _aGCL /
_cGCL
082 0 4 _a005.13
_bI B
100 1 _aINGALSBE, LON
245 1 0 _aBUSINESS APPLICATIONS SOFTWARE FOR THE IBM LC /
_cINGALSBE, LON
260 _a[S.N] :
_bAN IMPRINT OF MACMILLAN TNC ،
_c1991
650 0 4 _aIBM COMPUTERS
650 0 4 _aAPPLICATION SOFTWARE
650 0 4 _aBUSINESS
650 0 4 _aDBASE(COMPUTER PRAGRAM)
650 0 4 _aPEACE
942 _2ddc
_cBK
999 _c18825
_d18825